000 00393pam a2200157a 44500
008 230515b1999 xxu||||| |||| 00| 0 eng d
020 _aNULL
041 _aENG
082 _aNULL
100 _aRAMSEYSLEEPER
245 _aARCHITECTURAL GRAPHIC STANDARD,STUDENTS EDITION,ABRIDGED FROM THE SEVENTH EDITION.
250 _a0
260 _aNULL
_bNULL
_c1999
300 _a486
650 _aNULL
999 _c474876
_d474876